[Event "FIDE WYCC 2016 U14 boys"]
[Site "Khanty Mansiysk"]
[Date "2016.09.25"]
[Round "4.17"]
[White "Zarubitski, Viachaslau"]
[Black "Salimov, Ruslan"]
[Result "1-0"]
[WhiteElo "2340"]
[BlackElo "2026"]
[Annotator "Reinhold Goldau"]
[PlyCount "43"]
[EventDate "2016.09.??"]
[EventType "swiss"]
[EventRounds "11"]
[EventCountry "RUS"]
[SourceTitle "Youth Database"]
[Source "CBase R.Goldau"]
[SourceDate "2000.03.01"]

1. e4 d6 2. d4 Nf6 3. Nc3 c6 4. Nf3 Qa5 5. Bd2 Qc7 6. e5 dxe5 7. Nxe5 Bf5 8.
Qf3 e6 9. g4 Bg6 10. O-O-O Bb4 11. Re1 Nbd7 12. h4 O-O-O 13. h5 Nxe5 14. dxe5
Qd7 15. Bg5 Bxc3 16. bxc3 Qe7 17. Kb2 Bxc2 18. exf6 gxf6 19. Bxf6 Qc5 20. Bxd8
Rxd8 21. Kxc2 Qa3 22. Bc4 1-0

[Event "FIDE WYCC 2016 U14 boys"]
[Site "Khanty Mansiysk"]
[Date "2016.09.25"]
[Round "4.18"]
[White "Neelash, Saha"]
[Black "Peng, David T"]
[Result "0-1"]
[WhiteElo "2020"]
[BlackElo "2273"]
[Annotator "Reinhold Goldau"]
[PlyCount "60"]
[EventDate "2016.09.??"]
[EventType "swiss"]
[EventRounds "11"]
[EventCountry "RUS"]
[SourceTitle "Youth Database"]
[Source "CBase R.Goldau"]
[SourceDate "2000.03.01"]

1. d4 d5 2. c4 c6 3. Nc3 Nf6 4. e3 g6 5. Nf3 Bg7 6. Bd3 O-O 7. Qc2 c5 8. Nxd5
Nxd5 9. cxd5 cxd4 10. Nxd4 Qxd5 11. Nf3 Nc6 12. Bd2 Rd8 13. Bc4 Qh5 14. Be2 Bg4
15. Bc3 Rac8 16. Qb3 e5 17. Qa4 Re8 18. Ng1 Nd4 19. Bxg4 Qxg4 20. Kf1 Qf5 21.
Rd1 b5 22. Qxa7 Qc2 23. Ke1 Rcd8 24. Bxd4 Rxd4 25. Rxd4 exd4 26. Qa5 Qc1+ 27.
Ke2 dxe3 28. f4 Qxb2+ 29. Kf3 Qf2+ 30. Kg4 Qxg2+ 0-1

[Event "FIDE WYCC 2016 U14 boys"]
[Site "Khanty Mansiysk"]
[Date "2016.09.25"]
[Round "4.19"]
[White "Remizov, Yaroslav"]
[Black "Ismagilov, Damir"]
[Result "1-0"]
[WhiteElo "2218"]
[BlackElo "1927"]
[Annotator "Reinhold Goldau"]
[PlyCount "89"]
[EventDate "2016.09.??"]
[EventType "swiss"]
[EventRounds "11"]
[EventCountry "RUS"]
[SourceTitle "Youth Database"]
[Source "CBase R.Goldau"]
[SourceDate "2000.03.01"]

1. e4 c5 2. Nf3 Nc6 3. d4 cxd4 4. Nxd4 Qb6 5. Nb3 Nf6 6. Bd3 e6 7. Be3 Qc7 8.
O-O Be7 9. f4 d6 10. Kh1 a6 11. a4 b6 12. N1d2 Bb7 13. Nc4 Nd7 14. f5 exf5 15.
Rxf5 Nce5 16. Nbd2 Rc8 17. Qg1 g6 18. Rff1 Nc5 19. Nxe5 dxe5 20. Qf2 O-O 21.
Bh6 f5 22. Bxf8 Rxf8 23. exf5 Nxd3 24. cxd3 Rxf5 25. Qe2 Qc2 26. Rxf5 gxf5 27.
Qxe5 Bxg2+ 28. Kxg2 Qxd2+ 29. Kh1 Bc5 30. Qxf5 Qe3 31. Rf1 Qe7 32. d4 Bd6 33.
Rg1+ Kh8 34. Qc8+ Qf8 35. Qxf8+ Bxf8 36. Rc1 b5 37. axb5 axb5 38. Rc7 Kg8 39.
Kg2 Bg7 40. d5 Bxb2 41. d6 Be5 42. Rc8+ Kf7 43. d7 Bf6 44. d8=Q Bxd8 45. Rxd8
1-0

[Event "FIDE WYCC 2016 U14 boys"]
[Site "Khanty Mansiysk"]
[Date "2016.09.25"]
[Round "4.20"]
[White "Mochalin, Faddey"]
[Black "Golikov, Daniil"]
[Result "0-1"]
[WhiteElo "1912"]
[BlackElo "2114"]
[Annotator "Reinhold Goldau"]
[PlyCount "55"]
[EventDate "2016.09.??"]
[EventType "swiss"]
[EventRounds "11"]
[EventCountry "RUS"]
[SourceTitle "Youth Database"]
[Source "CBase R.Goldau"]
[SourceDate "2000.03.01"]

1. e4 c5 2. Nf3 e6 3. d4 cxd4 4. Nxd4 a6 5. Bd3 Qc7 6. O-O b5 7. c3 Bb7 8. f4
Nf6 9. Qe2 Bc5 10. Nd2 d6 11. Kh1 Nbd7 12. N2f3 O-O 13. e5 Nd5 14. Bd2 Rfe8 15.
Rae1 Rad8 16. b4 Bxd4 17. cxd4 g6 18. Ng5 N5b6 19. f5 exf5 20. Bxf5 Nxe5 21.
Nxh7 Kxh7 22. Qh5+ Kg8 23. Qh6 gxf5 24. dxe5 Re6 25. Qf4 dxe5 26. Qxf5 Bxg2+
27. Kxg2 Rxd2+ 28. Kg1 0-1

[Event "FIDE WYCC 2016 U14 boys"]
[Site "Khanty Mansiysk"]
[Date "2016.09.25"]
[Round "4.21"]
[White "Ganerdene, Sugar"]
[Black "Piyumantha, M Sasith Nipun"]
[Result "1/2-1/2"]
[WhiteElo "2056"]
[BlackElo "2017"]
[Annotator "Reinhold Goldau"]
[PlyCount "68"]
[EventDate "2016.09.??"]
[EventType "swiss"]
[EventRounds "11"]
[EventCountry "RUS"]
[SourceTitle "Youth Database"]
[Source "CBase R.Goldau"]
[SourceDate "2000.03.01"]

1. e4 c5 2. Nf3 g6 3. d4 cxd4 4. Nxd4 Nc6 5. Nc3 Bg7 6. Be3 Nf6 7. Be2 O-O 8.
f4 d5 9. e5 Ne8 10. O-O f6 11. exf6 Bxf6 12. Bf3 e6 13. Nxc6 bxc6 14. Na4 Ng7
15. c3 Nf5 16. Bc5 Re8 17. Bf2 e5 18. fxe5 Bxe5 19. Qd2 Qd6 20. g3 h5 21. Qg5
Qf6 22. Qxf6 Bxf6 23. Rfe1 Be6 24. Nc5 Bf7 25. g4 Nh4 26. Rxe8+ Rxe8 27. Bd1
Re7 28. Kf1 Kg7 29. a4 Kh6 30. a5 Kg5 31. Ra4 d4 32. Bxd4 Bxd4 33. Rxd4 Bd5 34.
Nd3 Bf3 1/2-1/2

[Event "FIDE WYCC 2016 U14 boys"]
[Site "Khanty Mansiysk"]
[Date "2016.09.25"]
[Round "4.22"]
[White "Juksta, Karolis"]
[Black "Nanayakkara, J A K Saranath"]
[Result "0-1"]
[WhiteElo "2046"]
[BlackElo "1923"]
[Annotator "Reinhold Goldau"]
[PlyCount "80"]
[EventDate "2016.09.??"]
[EventType "swiss"]
[EventRounds "11"]
[EventCountry "RUS"]
[SourceTitle "Youth Database"]
[Source "CBase R.Goldau"]
[SourceDate "2000.03.01"]

1. d4 d5 2. c4 e6 3. Nc3 Be7 4. Nf3 Nf6 5. Bg5 c6 6. e3 dxc4 7. Bxc4 Nbd7 8.
O-O O-O 9. Qc2 h6 10. Bh4 b5 11. Bd3 Bb7 12. e4 b4 13. Na4 Rc8 14. Nc5 Nxc5 15.
dxc5 Nd7 16. Bxe7 Qxe7 17. Rac1 Rfd8 18. Rfd1 a5 19. e5 Ra8 20. g3 a4 21. Qc4
b3 22. axb3 axb3 23. Qxb3 Nxc5 24. Qb4 Rd5 25. Be2 Ra4 26. Qb6 Ne4 27. Qe3 c5
28. h4 f6 29. Re1 f5 30. Bc4 Rd8 31. b3 Ra2 32. Re2 Raa8 33. Ne1 g5 34. hxg5
hxg5 35. f4 Kf7 36. Rh2 Rg8 37. Rcc2 Qd7 38. Rb2 Rh8 39. Rxh8 Rxh8 40. Rc2 Qd4
0-1

[Event "FIDE WYCC 2016 U14 boys"]
[Site "Khanty Mansiysk"]
[Date "2016.09.25"]
[Round "4.23"]
[White "Emanuel, Yahav"]
[Black "Ivic, Velimir"]
[Result "0-1"]
[WhiteElo "2014"]
[BlackElo "2264"]
[Annotator "Reinhold Goldau"]
[PlyCount "54"]
[EventDate "2016.09.??"]
[EventType "swiss"]
[EventRounds "11"]
[EventCountry "RUS"]
[SourceTitle "Youth Database"]
[Source "CBase R.Goldau"]
[SourceDate "2000.03.01"]

1. e4 c5 2. Nf3 Nc6 3. d4 cxd4 4. Nxd4 Nf6 5. Nc3 d6 6. Bc4 e6 7. Be3 a6 8. Qe2
Bd7 9. O-O-O Qc7 10. Bb3 b5 11. g4 b4 12. g5 bxc3 13. gxf6 cxb2+ 14. Kb1 gxf6
15. Qh5 Nxd4 16. Bxd4 a5 17. a4 Rb8 18. Rhg1 Bc6 19. Bxf6 Bxe4 20. Rge1 Qc6 21.
Rd4 Bg6 22. Qh3 d5 23. Bxh8 Bb4 24. Rxb4 Rxb4 25. Bxb2 d4 26. Ba3 Bxc2+ 27. Ka1
Rxb3 0-1

[Event "FIDE WYCC 2016 U14 boys"]
[Site "Khanty Mansiysk"]
[Date "2016.09.25"]
[Round "4.24"]
[White "Iniyan, P."]
[Black "Balashov, Egor"]
[Result "1-0"]
[WhiteElo "2368"]
[BlackElo "1799"]
[Annotator "Reinhold Goldau"]
[PlyCount "55"]
[EventDate "2016.09.??"]
[EventType "swiss"]
[EventRounds "11"]
[EventCountry "RUS"]
[SourceTitle "Youth Database"]
[Source "CBase R.Goldau"]
[SourceDate "2000.03.01"]

1. d4 Nf6 2. c4 c5 3. d5 b5 4. cxb5 a6 5. b6 g6 6. Nc3 Bg7 7. e4 d6 8. Nf3 Nbd7
9. Be2 O-O 10. O-O Qxb6 11. Nd2 Ne5 12. Kh1 g5 13. Nc4 Nxc4 14. Bxc4 h6 15. Qc2
Rb8 16. Rb1 e6 17. f4 gxf4 18. Bxf4 e5 19. Bxh6 Bxh6 20. Rxf6 Bf4 21. Ne2 Qd8
22. Rxf4 exf4 23. Nxf4 Qg5 24. Rf1 Re8 25. b3 Qe5 26. Qf2 Qxe4 27. Nh5 Qe3 28.
Qxf7+ 1-0

[Event "FIDE WYCC 2016 U14 boys"]
[Site "Khanty Mansiysk"]
[Date "2016.09.25"]
[Round "4.25"]
[White "Olsen, Filip Boe"]
[Black "Sabirov, Timur"]
[Result "1-0"]
[WhiteElo "2241"]
[BlackElo "1791"]
[Annotator "Reinhold Goldau"]
[PlyCount "99"]
[EventDate "2016.09.??"]
[EventType "swiss"]
[EventRounds "11"]
[EventCountry "RUS"]
[SourceTitle "Youth Database"]
[Source "CBase R.Goldau"]
[SourceDate "2000.03.01"]

1. d4 Nf6 2. c4 c5 3. d5 b5 4. cxb5 a6 5. f3 g6 6. e4 d6 7. Na3 Nbd7 8. Ne2 Bg7
9. Nc3 O-O 10. Be2 Nb6 11. Be3 Nfd7 12. O-O axb5 13. Naxb5 Ba6 14. f4 f5 15.
exf5 Rxf5 16. Bg4 Rf8 17. Qc2 Nc4 18. Bc1 Rb8 19. a4 Na5 20. Rf3 Nf6 21. Be6+
Kh8 22. Rh3 Bc8 23. Qxg6 Bxe6 24. dxe6 Kg8 25. Qc2 d5 26. Bd2 Nc6 27. Rd1 Nd4
28. Nxd4 cxd4 29. Ne2 Ne4 30. Ng3 Qb6 31. Qd3 Qxe6 32. b4 Qg6 33. Re1 Nf2 34.
Qb3 Nxh3+ 35. gxh3 Qd6 36. b5 Qd7 37. Bb4 Rbe8 38. f5 Rf6 39. a5 e6 40. fxe6
Rfxe6 41. Rf1 Re3 42. Qa2 h6 43. Bd2 R3e6 44. Qb3 Be5 45. Rf3 Rg6 46. a6 h5 47.
h4 Bb8 48. b6 Qc6 49. Bg5 Re5 50. a7 1-0

[Event "FIDE WYCC 2016 U14 boys"]
[Site "Khanty Mansiysk"]
[Date "2016.09.25"]
[Round "4.26"]
[White "Oboladze, Luka"]
[Black "Hsu, Hsuan Ming"]
[Result "1-0"]
[WhiteElo "2083"]
[BlackElo "1727"]
[Annotator "Reinhold Goldau"]
[PlyCount "65"]
[EventDate "2016.09.??"]
[EventType "swiss"]
[EventRounds "11"]
[EventCountry "RUS"]
[SourceTitle "Youth Database"]
[Source "CBase R.Goldau"]
[SourceDate "2000.03.01"]

1. e4 e5 2. Nc3 Nf6 3. g3 Nc6 4. Bg2 Be7 5. Nge2 d6 6. O-O O-O 7. d3 Re8 8. f4
Bg4 9. h3 Bxe2 10. Nxe2 Bf8 11. f5 d5 12. Nc3 dxe4 13. Nxe4 Nxe4 14. Bxe4 Qd7
15. Be3 a6 16. c3 Rab8 17. Qf3 f6 18. g4 Be7 19. h4 Nd8 20. g5 b6 21. Kh2 c6
22. Rg1 Rb7 23. Qh5 b5 24. Rg2 b4 25. c4 a5 26. Rag1 a4 27. gxf6 Bxf6 28. Rxg7+
Bxg7 29. f6 Ne6 30. Qxh7+ Kf8 31. fxg7+ Nxg7 32. Qh8+ Ke7 33. Rxg7+ 1-0

[Event "FIDE WYCC 2016 U14 boys"]
[Site "Khanty Mansiysk"]
[Date "2016.09.25"]
[Round "4.27"]
[White "Varbanov, Vladimir"]
[Black "Thilakarathne, G M H."]
[Result "1/2-1/2"]
[WhiteElo "1794"]
[BlackElo "2028"]
[Annotator "Reinhold Goldau"]
[PlyCount "66"]
[EventDate "2016.09.??"]
[EventType "swiss"]
[EventRounds "11"]
[EventCountry "RUS"]
[SourceTitle "Youth Database"]
[Source "CBase R.Goldau"]
[SourceDate "2000.03.01"]

1. d4 Nf6 2. c4 e6 3. Nc3 Bb4 4. e3 c5 5. Nge2 b6 6. a3 Ba5 7. Rb1 Na6 8. g3
Bb7 9. d5 b5 10. Bg2 bxc4 11. O-O O-O 12. e4 d6 13. Bg5 Nc7 14. dxe6 fxe6 15.
Qa4 Bb6 16. Rbd1 e5 17. Rd2 h6 18. Bxf6 Qxf6 19. Nb5 Bc6 20. Nec3 Nxb5 21. Nxb5
a6 22. Rxd6 axb5 23. Rxf6 Rxa4 24. Rxc6 Ba7 25. Rc1 Rd8 26. Rc2 Rd1+ 27. Bf1 b4
28. Kg2 c3 29. axb4 Rd2 30. Rxd2 cxd2 31. Rd6 cxb4 32. Rxd2 b3 33. Rd3 Rb4
1/2-1/2

[Event "FIDE WYCC 2016 U14 boys"]
[Site "Khanty Mansiysk"]
[Date "2016.09.25"]
[Round "4.28"]
[White "Essa, Naseem Ahmed"]
[Black "Thybo, Thomas Sondergaard"]
[Result "1-0"]
[WhiteElo "1771"]
[BlackElo "1971"]
[Annotator "Reinhold Goldau"]
[PlyCount "64"]
[EventDate "2016.09.??"]
[EventType "swiss"]
[EventRounds "11"]
[EventCountry "RUS"]
[SourceTitle "Youth Database"]
[Source "CBase R.Goldau"]
[SourceDate "2000.03.01"]

1. d4 Nf6 2. c4 g6 3. Nf3 Bg7 4. g3 O-O 5. Bg2 d6 6. O-O Nbd7 7. Nc3 c6 8. e4
e5 9. h3 a6 10. Be3 b5 11. dxe5 dxe5 12. Qd6 bxc4 13. Rad1 Qa5 14. Nd2 c5 15.
a3 Ne8 16. Qc6 Rb8 17. Nxc4 Qc7 18. Nd5 Qxc6 19. Ne7+ Kh8 20. Nxc6 Rb3 21. Rd2
f5 22. N6a5 Rb5 23. a4 Rxa5 24. Nxa5 f4 25. Rxd7 Bxd7 26. Bxc5 Rf7 27. Rd1 Bxa4
28. Rd8 Rc7 29. b4 Bf6 30. Ra8 Bb5 31. Bf1 Bc6 32. Nxc6 Rxc6 1-0

[Event "FIDE WYCC 2016 U14 boys"]
[Site "Khanty Mansiysk"]
[Date "2016.09.25"]
[Round "4.29"]
[White "Izumi, Haruki"]
[Black "Fomin, Maxim"]
[Result "0-1"]
[WhiteElo "1549"]
[BlackElo "1941"]
[Annotator "Reinhold Goldau"]
[PlyCount "76"]
[EventDate "2016.09.??"]
[EventType "swiss"]
[EventRounds "11"]
[EventCountry "RUS"]
[SourceTitle "Youth Database"]
[Source "CBase R.Goldau"]
[SourceDate "2000.03.01"]

1. e4 e6 2. d4 d5 3. exd5 exd5 4. Nf3 Bd6 5. c4 c6 6. Nc3 Ne7 7. cxd5 Nxd5 8.
Nxd5 cxd5 9. Be2 Nc6 10. O-O O-O 11. Be3 f5 12. Re1 Qb6 13. b3 f4 14. Bd2 h6
15. Bc3 g5 16. Bd3 Qd8 17. Ne5 Bxe5 18. dxe5 g4 19. Rc1 Be6 20. Qc2 Qg5 21. Qd2
d4 22. Bxd4 Nxd4 23. Bh7+ Kxh7 24. Qxd4 Rf7 25. Qd6 Qf5 26. Rc7 Rxc7 27. Qxc7+
Qf7 28. Rc1 Kg6 29. Qc2+ Qf5 30. Qd2 Rc8 31. Re1 Rc2 32. Qd8 f3 33. gxf3 Qxf3
34. Rf1 Bd5 35. Qe8+ Kg5 36. Qe7+ Kh5 37. Qe8+ Kh4 38. Qe7+ Kh3 0-1

[Event "FIDE WYCC 2016 U14 boys"]
[Site "Khanty Mansiysk"]
[Date "2016.09.25"]
[Round "4.31"]
[White "Kizatbay, Abyl"]
[Black "Ajigulov, Nurmat"]
[Result "1/2-1/2"]
[WhiteElo "1892"]
[BlackElo "1626"]
[Annotator "Reinhold Goldau"]
[PlyCount "73"]
[EventDate "2016.09.??"]
[EventType "swiss"]
[EventRounds "11"]
[EventCountry "RUS"]
[SourceTitle "Youth Database"]
[Source "CBase R.Goldau"]
[SourceDate "2000.03.01"]

1. e4 e5 2. Nf3 Nc6 3. d4 exd4 4. Nxd4 Bc5 5. Nb3 Bb6 6. Nc3 d6 7. Qe2 a5 8.
Be3 Bxe3 9. Qxe3 Nf6 10. a3 O-O 11. O-O-O Be6 12. f3 Bxb3 13. cxb3 Nd7 14. h4
Nc5 15. Nd5 Ne7 16. Nf4 Ne6 17. g4 Nxf4 18. Qxf4 Ng6 19. Qg3 Qf6 20. Bc4 Qf4+
21. Qxf4 Nxf4 22. Kd2 Rab8 23. Ke3 b5 24. Bf1 Ne6 25. Rd5 Nc5 26. b4 axb4 27.
axb4 Na6 28. Rxb5 Nxb4 29. Bc4 Rxb5 30. Bxb5 Rb8 31. Bc4 Kf8 32. f4 c6 33. Rd1
d5 34. exd5 Nxd5+ 35. Bxd5 cxd5 36. Rxd5 Rxb2 37. Rd7 1/2-1/2

[Event "FIDE WYCC 2016 U14 boys"]
[Site "Khanty Mansiysk"]
[Date "2016.09.25"]
[Round "4.33"]
[White "Gunduz, Umut Erdem"]
[Black "Ogorodnikov, Nikolai"]
[Result "1-0"]
[WhiteElo "2109"]
[BlackElo "1774"]
[Annotator "Reinhold Goldau"]
[PlyCount "41"]
[EventDate "2016.09.??"]
[EventType "swiss"]
[EventRounds "11"]
[EventCountry "RUS"]
[SourceTitle "Youth Database"]
[Source "CBase R.Goldau"]
[SourceDate "2000.03.01"]

1. e4 e6 2. d4 d5 3. Nd2 Nf6 4. e5 Nfd7 5. Bd3 c5 6. c3 Nc6 7. Ne2 Qb6 8. Nf3
Be7 9. O-O O-O 10. Re1 Re8 11. Nf4 Nf8 12. Nh5 Nd7 13. Qd2 g6 14. Ng5 Bf8 15.
Qf4 Re7 16. Nf6+ Nxf6 17. exf6 Rd7 18. Nxh7 Kxh7 19. Re3 e5 20. Rh3+ Kg8 21.
Qh4 1-0

[Event "FIDE WYCC 2016 U14 boys"]
[Site "Khanty Mansiysk"]
[Date "2016.09.25"]
[Round "4.34"]
[White "Slater Jones, Henry"]
[Black "Ryabov, Georgi"]
[Result "1/2-1/2"]
[WhiteElo "1825"]
[BlackElo "1572"]
[Annotator "Reinhold Goldau"]
[PlyCount "73"]
[EventDate "2016.09.??"]
[EventType "swiss"]
[EventRounds "11"]
[EventCountry "RUS"]
[SourceTitle "Youth Database"]
[Source "CBase R.Goldau"]
[SourceDate "2000.03.01"]

1. d4 Nf6 2. c4 c5 3. d5 b5 4. cxb5 a6 5. bxa6 g6 6. Nc3 d6 7. Nf3 Bg7 8. e4
O-O 9. Bg5 Bxa6 10. g3 Bxf1 11. Kxf1 Nbd7 12. Qe2 Qb6 13. a4 Rfb8 14. Nb5 h6
15. Bd2 Ne8 16. Bc3 Nc7 17. Nxc7 Qxc7 18. Bxg7 Kxg7 19. Qc2 Qb6 20. Ra2 Qb4 21.
Nd2 Nb6 22. b3 c4 23. bxc4 Nxa4 24. Kg2 Nc3 25. Rxa8 Rxa8 26. Rc1 Ra3 27. Nb1
Nxb1 28. Rxb1 Qc3 29. Qxc3+ Rxc3 30. Rb7 Rxc4 31. Rxe7 Kf8 32. Rd7 Rxe4 33. Kf3
Rd4 34. Rxd6 Ke7 35. Ra6 Rxd5 36. h4 Rf5+ 37. Kg2 1/2-1/2

[Event "FIDE WYCC 2016 U14 boys"]
[Site "Khanty Mansiysk"]
[Date "2016.09.25"]
[Round "4.35"]
[White "Vaino, Nikita"]
[Black "Araoz Andrade, Ivan Alexander"]
[Result "1-0"]
[WhiteElo "1781"]
[BlackElo "1746"]
[Annotator "Reinhold Goldau"]
[PlyCount "81"]
[EventDate "2016.09.??"]
[EventType "swiss"]
[EventRounds "11"]
[EventCountry "RUS"]
[SourceTitle "Youth Database"]
[Source "CBase R.Goldau"]
[SourceDate "2000.03.01"]

1. c4 e5 2. Nc3 d6 3. g3 f5 4. Bg2 Nf6 5. e3 g6 6. Nge2 Bg7 7. O-O O-O 8. d4
Na6 9. b3 c6 10. Bb2 Nc7 11. Qc2 e4 12. Rfd1 d5 13. Na4 b6 14. Rac1 Ne6 15. Ba3
Re8 16. Nec3 Ba6 17. Bf1 Ng5 18. cxd5 Nf3+ 19. Kg2 Bxf1+ 20. Rxf1 Nxd5 21. Nxd5
cxd5 22. Qc7 Qg5 23. Qf4 Qh5 24. h3 Nd2 25. g4 fxg4 26. hxg4 Qh4 27. Rh1 Qf6
28. Qxf6 Bxf6 29. Rc6 Bg7 30. Rhc1 Red8 31. Nc3 Nf3 32. Rc7 Ng5 33. Be7 Ne6 34.
Bxd8 Rxd8 35. Rxa7 Bf8 36. Na4 b5 37. Nc5 Nxc5 38. dxc5 b4 39. c6 Bd6 40. Rd7
Rxd7 41. cxd7 1-0

[Event "FIDE WYCC 2016 U14 boys"]
[Site "Khanty Mansiysk"]
[Date "2016.09.25"]
[Round "4.36"]
[White "Akulov, Lev"]
[Black "Horn, Aldo"]
[Result "1-0"]
[WhiteElo "1810"]
[BlackElo "1307"]
[Annotator "Reinhold Goldau"]
[PlyCount "85"]
[EventDate "2016.09.??"]
[EventType "swiss"]
[EventRounds "11"]
[EventCountry "RUS"]
[SourceTitle "Youth Database"]
[Source "CBase R.Goldau"]
[SourceDate "2000.03.01"]

1. e4 e5 2. Nf3 Nc6 3. Nc3 Bc5 4. Nxe5 Bxf2+ 5. Kxf2 Nxe5 6. d4 Ng6 7. Be2 N8e7
8. Rf1 O-O 9. Kg1 d6 10. Bc4 Be6 11. Bxe6 fxe6 12. Rxf8+ Qxf8 13. Qg4 Qc8 14.
Be3 c6 15. Rf1 e5 16. Qxc8+ Rxc8 17. Rd1 exd4 18. Rxd4 Rd8 19. Ra4 a6 20. Rd4
c5 21. Rd1 Kf7 22. Bxc5 Nc8 23. Bd4 Nge7 24. Nd5 g6 25. Rf1+ Ke6 26. Rf6+ Kd7
27. Nxe7 Kxe7 28. Rf3 d5 29. Bf6+ Kd7 30. Bxd8 Kxd8 31. exd5 Ke7 32. Kf2 Nb6
33. Rb3 Nxd5 34. Rxb7+ Kf6 35. g3 h5 36. c4 Ne7 37. Rxe7 Kxe7 38. b4 Ke6 39. b5
axb5 40. cxb5 Kd6 41. Kf3 Kc5 42. a4 Kb6 43. Kf4 1-0

[Event "FIDE WYCC 2016 U14 boys"]
[Site "Khanty Mansiysk"]
[Date "2016.09.25"]
[Round "4.37"]
[White "Chursin, Aleksandr"]
[Black "Hafstad, Leif"]
[Result "1/2-1/2"]
[WhiteElo "1675"]
[BlackElo "1705"]
[Annotator "Reinhold Goldau"]
[PlyCount "135"]
[EventDate "2016.09.??"]
[EventType "swiss"]
[EventRounds "11"]
[EventCountry "RUS"]
[SourceTitle "Youth Database"]
[Source "CBase R.Goldau"]
[SourceDate "2000.03.01"]

1. c4 e6 2. Nc3 d5 3. d4 Nf6 4. Bg5 Be7 5. e3 Nbd7 6. Nf3 O-O 7. Bd3 a6 8. c5
c6 9. O-O h6 10. Bh4 Nh5 11. Bxe7 Qxe7 12. b4 Nhf6 13. a4 e5 14. Be2 Re8 15.
dxe5 Nxe5 16. Qd4 Bg4 17. Nxe5 Qxe5 18. Qxe5 Rxe5 19. Bxg4 Nxg4 20. b5 axb5 21.
axb5 Ree8 22. b6 Ne5 23. Ra7 Nd7 24. Rxb7 Nxc5 25. Rc7 Rac8 26. Ra7 Rb8 27. Rb1
Rb7 28. Na4 Reb8 29. Rxb7 Nxb7 30. g3 Ra8 31. Nc3 Kf8 32. Ne2 c5 33. Nc3 d4 34.
exd4 cxd4 35. Ne2 d3 36. Nf4 Rd8 37. Kf1 g5 38. Ng2 Ke7 39. Ne3 Kd7 40. Ke1 Kc6
41. Kd2 Nc5 42. f3 Ra8 43. Nc4 Ra2+ 44. Rb2 Rxb2+ 45. Nxb2 Kxb6 46. Nxd3 f6 47.
Ke3 f5 48. Ne5 Ne6 49. Nf7 h5 50. Nxg5 Nxg5 51. Kf4 Ne6+ 52. Kxf5 Nf8 53. Kg5
h4 54. Kxh4 Kc6 55. Kg5 Kd6 56. f4 Ke7 57. h4 Kf7 58. f5 Kg7 59. h5 Nh7+ 60.
Kf4 Kf6 61. g4 Ng5 62. h6 Nh7 63. Ke4 Ng5+ 64. Kd5 Nh7 65. Kd6 Kg5 66. Ke6 Kxg4
67. Kf7 Kxf5 68. Kg7 1/2-1/2

[Event "FIDE WYCC 2016 U14 boys"]
[Site "Khanty Mansiysk"]
[Date "2016.09.26"]
[Round "5.5"]
[White "Shevchenko, Kirill"]
[Black "Bharambe, Bhavik C"]
[Result "1/2-1/2"]
[WhiteElo "2438"]
[BlackElo "2104"]
[Annotator "Reinhold Goldau"]
[PlyCount "118"]
[EventDate "2016.09.??"]
[EventType "swiss"]
[EventRounds "11"]
[EventCountry "RUS"]
[SourceTitle "Youth Database"]
[Source "CBase R.Goldau"]
[SourceDate "2000.03.01"]

1. e4 c6 2. d4 d5 3. e5 c5 4. dxc5 Nc6 5. Nf3 Bg4 6. c3 Bxf3 7. Qxf3 Nxe5 8.
Bb5+ Nc6 9. c4 e6 10. Be3 Qf6 11. Nd2 Qxf3 12. Nxf3 Nge7 13. Rc1 f6 14. O-O Kf7
15. Rfd1 g5 16. h3 Bg7 17. cxd5 Nxd5 18. Bc4 Nce7 19. Nd4 a6 20. a3 h6 21. g4
h5 22. Nf5 exf5 23. Rxd5 f4 24. Rd8+ Kg6 25. Rxa8 Rxa8 26. Bd4 Rd8 27. Bc3 hxg4
28. hxg4 f5 29. Bxg7 Kxg7 30. Re1 Rd7 31. Re5 Kf6 32. Re6+ Kg7 33. Re5 Kf6 34.
Re6+ Kg7 35. Re5 Kf6 36. Re6+ Kg7 37. Rd6 Rc7 38. b4 fxg4 39. Be6 a5 40. Bxg4
axb4 41. axb4 Nc6 42. b5 Ne5 43. Rd5 Nxg4 44. Rxg5+ Kh6 45. b6 Rc6 46. Rxg4
Rxc5 47. Rxf4 Rb5 48. Rf6+ Kg5 49. Rd6 Kf4 50. Kf1 Ke5 51. Rh6 Kd5 52. f4 Kc5
53. f5 Kd5 54. Ke1 Ke5 55. f6 Ke6 56. Kd1 Kf7 57. Rh7+ Kxf6 58. Kc1 Rb4 59.
Rxb7 Ke6 1/2-1/2

[Event "FIDE WYCC 2016 U14 boys"]
[Site "Khanty Mansiysk"]
[Date "2016.09.26"]
[Round "5.6"]
[White "Hua, Eugene"]
[Black "Davtyan, Artur"]
[Result "0-1"]
[WhiteElo "2142"]
[BlackElo "2280"]
[Annotator "Reinhold Goldau"]
[PlyCount "80"]
[EventDate "2016.09.??"]
[EventType "swiss"]
[EventRounds "11"]
[EventCountry "RUS"]
[SourceTitle "Youth Database"]
[Source "CBase R.Goldau"]
[SourceDate "2000.03.01"]

1. c4 c5 2. Nf3 Nc6 3. g3 g6 4. Bg2 Bg7 5. Nc3 e6 6. O-O Nge7 7. d3 d5 8. cxd5
exd5 9. Bf4 O-O 10. Qd2 b6 11. Rac1 d4 12. Nb5 a6 13. Nd6 Be6 14. Nc4 Nd5 15.
Ng5 Rc8 16. Nxe6 fxe6 17. Bg5 Qc7 18. a4 b5 19. Na3 Qb6 20. Bh6 Ne3 21. Bxg7
Nxf1 22. Qh6 Rf7 23. Bxc6 Qxc6 24. Be5 Qd5 25. Bf4 e5 26. Bg5 Qb3 27. Rxf1 Qxb2
28. h4 Qxa3 29. h5 Rc6 30. f4 c4 31. f5 Qf8 32. hxg6 hxg6 33. Qh1 Rc5 34. f6 e4
35. Qh4 Rh7 36. Qg4 Qf7 37. axb5 axb5 38. dxe4 Rh5 39. Bf4 Qxf6 40. Bh6 Rh4 0-1

[Event "FIDE WYCC 2016 U14 boys"]
[Site "Khanty Mansiysk"]
[Date "2016.09.26"]
[Round "5.7"]
[White "Yeritsyan, Aram"]
[Black "Ibrahimli, Murad"]
[Result "1/2-1/2"]
[WhiteElo "2117"]
[BlackElo "2203"]
[Annotator "Reinhold Goldau"]
[PlyCount "94"]
[EventDate "2016.09.??"]
[EventType "swiss"]
[EventRounds "11"]
[EventCountry "RUS"]
[SourceTitle "Youth Database"]
[Source "CBase R.Goldau"]
[SourceDate "2000.03.01"]

1. e4 c5 2. Nf3 d6 3. d4 cxd4 4. Nxd4 Nf6 5. f3 a6 6. c4 g6 7. Nc3 Bg7 8. Be3
O-O 9. Be2 b6 10. O-O Bb7 11. Qd2 Re8 12. Rfc1 Nbd7 13. b4 Rc8 14. a4 Ne5 15.
Nd5 e6 16. Nxf6+ Bxf6 17. a5 d5 18. cxd5 Rxc1+ 19. Rxc1 exd5 20. f4 Nc4 21.
Bxc4 dxc4 22. e5 Be7 23. Rxc4 Qd5 24. Rc2 b5 25. Nf3 Qe4 26. Bc5 Rd8 27. Bd6
Bxd6 28. exd6 Bd5 29. Ng5 Qf5 30. Rc3 Rxd6 31. Rd3 Rc6 32. h3 Bc4 33. Rd8+ Kg7
34. Qd4+ Qf6 35. Ne4 Qxd4+ 36. Rxd4 h5 37. h4 Be6 38. Nc5 Kf6 39. Kf2 Ke7 40.
Ke3 Bf5 41. Rd5 f6 42. g3 Bc8 43. Rd4 Bf5 44. Kd2 Ke8 45. Rd5 Ke7 46. Kc3 Bg4
47. Rd3 Bf5 1/2-1/2